عرض عادي
عرض مارك
- Tortora, Gerard J.
مدخل إسم شخص
001 - رقم الضبط
- حقل الضبط: 88728
003 - معرف رقم الضبط
- حقل الضبط: OSt
005 - تاريخ ووقت أخر عملية
- حقل الضبط: 20210306175112.0
008 - عناصر بيانات ثابتة الطول
- حقل تحكم ثابت الطول: 210306|| aca||aabn | a|a d
040 ## - مصدر الفهرسة
- هيئة الفهرسة الأصلية: OSt
- وكالة الكتابة: OSt
100 ## - مدخل -- أسم شخص
- إسم شخص: Tortora, Gerard J.
- عنوان العمل: Principles of anatomy & physiology
670 ## - بيانات المصدر موجوده
- الاستشهاد بالمصدر: Work cat.: (OSt)0: Tortora, Gerard J., author 38025, Tortora's principles of anatomy & physiology /
